| 000 -LEADER |
| fixed length control field |
00911nam a22002417a 4500 |
| 005 - DATE AND TIME OF LATEST TRANSACTION |
| control field |
20190821143234.0 |
| 008 - FIXED-LENGTH DATA ELEMENTS--GENERAL INFORMATION |
| fixed length control field |
190821b ||||| |||| 00| 0 eng d |
| 020 ## - INTERNATIONAL STANDARD BOOK NUMBER |
| International Standard Book Number |
9781595143846 |
| 040 ## - CATALOGING SOURCE |
| Transcribing agency |
KH8 |
| 082 ## - DEWEY DECIMAL CLASSIFICATION NUMBER |
| Classification number |
FIC OST |
| 100 ## - MAIN ENTRY--PERSONAL NAME |
| Personal name |
Ostlere, Cathy |
| 245 ## - TITLE STATEMENT |
| Title |
Karma : |
| Remainder of title |
a novel in verse / |
| Statement of responsibility, etc. |
Cathy Ostlere |
| 260 ## - PUBLICATION, DISTRIBUTION, ETC. |
| Place of publication, distribution, etc. |
New York : |
| Name of publisher, distributor, etc. |
Razorbill, |
| Date of publication, distribution, etc. |
2012, ©2011. |
| 300 ## - PHYSICAL DESCRIPTION |
| Extent |
517 pages : |
| Other physical details |
map ; |
| Dimensions |
24 cm. |
| 500 ## - GENERAL NOTE |
| General note |
Originally published: ©2011. |
| 520 ## - SUMMARY, ETC. |
| Summary, etc. |
After the Prime Minister Indira Gandhi's assassination, Maya and her father are separated and she must rely on Sandeep, a boy of a different faith, to reunite them. |
| 600 ## - SUBJECT ADDED ENTRY--PERSONAL NAME |
| Personal name |
Gandhi, Indira |
| Dates associated with a name |
1917-1984. |
| 650 ## - SUBJECT ADDED ENTRY--TOPICAL TERM |
| Topical term or geographic name entry element |
Gandhi, Indira, |
| Form subdivision |
Assassination |
| General subdivision |
Juvenile fiction. |
| Chronological subdivision |
1917-1984 |
| 650 ## - SUBJECT ADDED ENTRY--TOPICAL TERM |
| Topical term or geographic name entry element |
Novels in verse. |
| 650 ## - SUBJECT ADDED ENTRY--TOPICAL TERM |
| Topical term or geographic name entry element |
Missing persons |
| Form subdivision |
Juvenile fiction. |
| 650 ## - SUBJECT ADDED ENTRY--TOPICAL TERM |
| Topical term or geographic name entry element |
Canadians |
| Form subdivision |
India |
| General subdivision |
Juvenile fiction. |
| 942 ## - ADDED ENTRY ELEMENTS (KOHA) |
| Source of classification or shelving scheme |
|
| Koha item type |
Books - Fiction |